[Event "Czech Extra League 2000-1"]
[Site "CZE"]
[Date "2001.02.25"]
[Round "7"]
[White "Klima,L"]
[Black "Mikhaletz,L"]
[Result "0-1"]
[WhiteElo "2282"]
[BlackElo "2499"]

1.e4 c5 2.Nf3 e6 3.d4 cxd4 4.Nxd4 a6 5.Bd3 Nf6 6.O-O Qc7 7.Qe2 d6 8.c4 Nbd7
9.Nc3 Be7 10.Be3 b6 11.Rac1 Bb7 12.f3 O-O 13.b3 Rac8 14.Rfd1 Qb8 15.Bb1 Bd8
16.g4 Re8 17.g5 Nh5 18.f4 g6 19.Qg4 Bc7 20.Rf1 Re7 21.Rf3 Rf8 22.Rh3 Qe8
23.f5 Ne5 24.Qe2 Rd7 25.f6 Kh8 26.Rf1 Rd8 27.Rf4 Rg8 28.Rfh4 Nd7 29.Qf3 Nf8
30.Nde2 d5 31.cxd5 Bc8 32.Ng3 Bxg3 33.hxg3 exd5 34.g4 d4 35.Nd5 dxe3 36.Rh2 Qe5
37.Nxe3 Qxg5 38.Kh1 Nxf6 39.e5  0-1

[Event "5th United Insurance"]
[Site "Dhaka BAN"]
[Date "2001.02.25"]
[Round "7"]
[White "Rausis,I"]
[Black "Miezis,N"]
[Result "1/2-1/2"]
[WhiteElo "2525"]
[BlackElo "2532"]

1.e4 c5 2.Nf3 e6 3.d4 cxd4 4.Nxd4 a6 5.Bd3 Nc6 6.Nxc6 dxc6 7.Nd2 e5 8.Qh5 Bd6
9.Nc4 Nf6 10.Nxd6+ Qxd6 11.Qe2 Be6 12.O-O O-O 13.Bg5  1/2-1/2

[Event "Open"]
[Site "Cappelle la Grande FRA"]
[Date "2001.03.03"]
[Round "9"]
[White "Kulaots,K"]
[Black "Landa,K"]
[Result "1/2-1/2"]
[WhiteElo "2513"]
[BlackElo "2610"]

1.e4 c5 2.Nf3 e6 3.d4 cxd4 4.Nxd4 a6 5.Bd3 Nf6 6.O-O d6 7.c4 Bd7 8.Nc3 Nc6
9.Be3 Be7 10.f4 O-O 11.Kh1 Nxd4 12.Bxd4 Bc8 13.Nb1 Bd7 14.Nc3 Bc6 15.Qe2 Nd7
16.Rad1 e5 17.Be3 exf4 18.Bxf4 Ne5 19.Bc2 Qc7 20.c5 dxc5 21.Nd5 Qd6 22.Nc3 c4  1/2-1/2

[Event "5th United Insurance"]
[Site "Dhaka BAN"]
[Date "2001.03.03"]
[Round "12"]
[White "Reefat,S"]
[Black "Miezis,N"]
[Result "0-1"]
[WhiteElo "2458"]
[BlackElo "2532"]

1.e4 c5 2.Nf3 e6 3.d4 cxd4 4.Nxd4 a6 5.Bd3 Nc6 6.Nxc6 dxc6 7.Nd2 e5 8.Nc4 Nf6
9.O-O Qc7 10.Bd2 b5 11.Ba5 Qb8 12.Nb6 Ra7 13.Nxc8 Qxc8 14.a4 Rd7 15.Qe2 Qb8
16.c4 b4 17.c5 Bxc5 18.Rac1 Bb6 19.Bxb4 Bxf2+ 20.Rxf2 Qxb4 21.Rxc6 Ke7 22.h3 Rhd8
23.Bc4 Qxa4 24.Rxa6 Qb4 25.b3 Qc5 26.Kh2 Rd6 27.Rxd6 Rxd6 28.Qf3 Ng4+ 29.hxg4 Rf6
30.g5 Rxf3 31.Rxf3 f6 32.gxf6+ gxf6 33.Rh3 Kd6 34.Rxh7 Qf2 35.Bd5 Qf4+ 36.Kh3 f5
37.Rh4 Qe3+ 38.Kh2 Qg5 39.Kh3 Qd2 40.Kh2 Kc5 41.Kh3 Kd4 42.b4 Qe1 43.b5 Qh1+  0-1

[Event "FSIMA March"]
[Site "Budapest HUN"]
[Date "2001.03.08"]
[Round "5"]
[White "Hajnal,Z"]
[Black "Nemeth,Z"]
[Result "0-1"]
[WhiteElo "2349"]
[BlackElo "2319"]

1.e4 c5 2.Nf3 e6 3.d4 cxd4 4.Nxd4 a6 5.Bd3 Nf6 6.O-O d6 7.c4 Nbd7 8.Qe2 g6
9.Be3 Bg7 10.Nc3 O-O 11.Rac1 b6 12.f3 Bb7 13.Qf2 Rc8 14.Rfd1 Ne5 15.Nb3 Nfd7
16.Bf1 Rc6 17.Na4 Ba8 18.Nd4 Rc8 19.b4 d5 20.exd5 exd5 21.Nb3 Nxc4 22.Bxc4 Rxc4
23.Rxc4 dxc4 24.Nc1 b5 25.Qd2 bxa4 26.Qxd7 Qxd7 27.Rxd7 Bc6 28.Rd6 Bb5 29.Bd4 Bh6
30.Ne2 Re8 31.Kf2 Bf8 32.Rb6 Bxb4 33.Nc3 Rd8 34.Nxb5 axb5 35.Rxb5 Bf8 36.Bf6 Rc8
37.Rb2 h5 38.Rc2 Rc6 39.Bd4 Bd6 40.g3 Kf8 41.Ke3 Ke7 42.f4 Ke6 43.Bb2 Bc5+
44.Kf3 Bb4 45.Ke4 Be7 46.Be5 f6 47.Bd4 f5+ 48.Ke3 Kd5 49.Bb2 Bb4 50.Bg7 Re6+
51.Kf3 Re1 52.Kf2 Rd1 53.Kf3 a3 54.Bf6 Rf1+ 55.Ke2 Re1+ 56.Kf2 Re6 57.Bg7 Bc5+
58.Kf3 Re3+ 59.Kg2 Rd3 60.Kf1 Bd4 61.Bf8 Bb2 62.Ke2 Rd4 63.Bb4 Rd3 64.Bf8 h4
65.Kf2 hxg3+ 66.hxg3 Bd4+  0-1

[Event "Open"]
[Site "Kazimierz Dolny POL"]
[Date "2001.03.13"]
[Round "4"]
[White "Miroslaw,M"]
[Black "Ciruk,J"]
[Result "1/2-1/2"]
[WhiteElo "2114"]
[BlackElo "2254"]

1.e4 c5 2.Nf3 e6 3.d4 cxd4 4.Nxd4 a6 5.Bd3 b5 6.a3 Bb7 7.Nc3 d6 8.O-O Nd7
9.Kh1 Ngf6 10.f4 Rc8 11.Qe2 Qc7 12.Bd2 e5 13.Nf3 Nc5 14.Rae1 Nxd3 15.cxd3 Be7
16.Rc1 Qb8 17.Qf2 O-O 18.Nh4 d5 19.fxe5 Qxe5 20.Nf3 Qh5 21.e5 Nd7 22.d4 f6
23.exf6 Nxf6 24.Qg3 Ne4 25.Nxe4 dxe4 26.Ne5 Qe2 27.Qb3+ Rc4 28.Rxf8+ Kxf8
29.Nxc4 Bd5 30.Qd1 Qxd1+ 31.Rxd1 Bxc4 32.Be3 Bd6 33.Kg1 Ke7 34.Kf2 Ke6 35.g3 Kd5
36.Bf4 Be7 37.Be5 g6 38.h4 a5 39.Ke3 a4 40.Kf4 Bd3 41.Rc1 Bc4 42.h5 gxh5
43.Rh1 Be2 44.Rh2 Bd1 45.Rd2 Bb3 46.Re2 Bd1 47.Re1 Bf3 48.Rc1 b4 49.axb4 Bxb4
50.Ke3 a3 51.bxa3 Bxa3 52.Rc3 Bf8 53.Rc7 h6 54.Rb7 Ba3 55.Kd2 Bf8 56.Rd7+ Ke6
57.Rd8 Bb4+ 58.Ke3 Be7 59.Ra8 h4 60.gxh4 Bxh4 61.Bf4 h5 62.Ra6+ Kd7 63.d5 Bd8
64.Kd4 h4 65.Ra7+ Ke8 66.Rh7 Bb6+ 67.Ke5 e3 68.d6 Bg4 69.Rxh4 e2 70.Bg3 Bc8
71.Be1 Kd7 72.Rh7+ Kc6 73.Bb4 Bg4 74.Rg7 Bd7 75.Be1 Bc5 76.Rg6 Bh3 77.Rh6 Bc8
78.Rg6 Bh3 79.d7+ Kxd7 80.Kd5 Bf8 81.Rf6 Bg2+ 82.Kc4 Be7 83.Rg6 Be4 84.Rg7 Ke6
85.Kd4  1/2-1/2

[Event "Victor Ciocaltea Mem"]
[Site "Bucharest ROM"]
[Date "2001.03.14"]
[Round "11"]
[White "Iordachescu,V"]
[Black "Solak,D"]
[Result "1/2-1/2"]
[WhiteElo "2578"]
[BlackElo "2511"]

1.e4 c5 2.Nf3 e6 3.d4 cxd4 4.Nxd4 a6 5.Bd3 Nc6 6.Nxc6 dxc6 7.Nd2 e5 8.Qh5 Bd6
9.Nc4 Bc7 10.Bg5 Nf6 11.Qe2 h6 12.Bh4 Be6 13.O-O-O  1/2-1/2

[Event "Open"]
[Site "Bad Woerishofen GER"]
[Date "2001.03.17"]
[Round "3"]
[White "Baramidze,D"]
[Black "Farago,I"]
[Result "0-1"]
[WhiteElo "2265"]
[BlackElo "2453"]

1.e4 c5 2.Nf3 e6 3.d4 cxd4 4.Nxd4 a6 5.Bd3 Nf6 6.O-O Qc7 7.Qe2 d6 8.Be3 g6
9.f4 Bg7 10.c4 O-O 11.Nc3 b6 12.f5 exf5 13.exf5 Bb7 14.Rae1 Nbd7 15.g4 Rfe8
16.g5 Ne4 17.Bxe4 Bxe4 18.Nxe4 Rxe4 19.Qf3 Rae8 20.f6 Bf8 21.b3 d5 22.cxd5 Qe5
23.Ne6 Bc5 24.Nxc5 Nxc5 25.Bf2 Qxg5+ 26.Kh1 Qxd5 27.b4 Nd3 28.Rxe4 Rxe4 29.Bxb6 Ne1  0-1

[Event "Czech Extra League 2000-1"]
[Site "CZE"]
[Date "2001.03.17"]
[Round "8"]
[White "Virostko,P"]
[Black "Langner,L"]
[Result "0-1"]
[WhiteElo "2311"]
[BlackElo "2388"]

1.e4 c5 2.Nf3 e6 3.d4 cxd4 4.Nxd4 a6 5.Bd3 Nf6 6.O-O d6 7.c4 b6 8.Nc3 Bb7
9.Be3 Nbd7 10.f3 Rc8 11.Rc1 Be7 12.Be2 O-O 13.a3 Re8 14.Nc2 Qc7 15.Qe1 d5
16.cxd5 exd5 17.exd5 Bxa3 18.Nxa3 Rxe3 19.Qd2 Qc5 20.Kh1 Rce8 21.Nc4 R3e7
22.d6 Re6 23.Rcd1 Rxe2 24.Nxe2 Qxc4 25.Ng3 g6 26.Rc1 Qd5 27.Qb4 a5 28.Qa3 h5
29.Rfd1 Qe5 30.Qa4 Nc5 31.Qb5 h4 32.Qxb6 Nfd7 33.Qxa5 Ra8 34.Qb5 hxg3 35.b4 Qh5
36.h3 Bxf3 37.Kg1 Ra2 38.Rxc5 Rxg2+ 39.Kf1 Qxh3 40.Rc8+ Kg7  0-1

[Event "TCh-SVK"]
[Site "SVK"]
[Date "2001.03.17"]
[Round "10"]
[White "Manik,M"]
[Black "Dudas,Jan"]
[Result "1-0"]
[WhiteElo "2425"]
[BlackElo "2269"]

1.e4 c5 2.Nf3 e6 3.d4 cxd4 4.Nxd4 a6 5.Bd3 Qc7 6.O-O Nf6 7.c4 Nc6 8.Nb3 Ne5
9.Qe2 Nxd3 10.Qxd3 Ng4 11.Qh3 h5 12.Nc3 Bd6 13.f4 Qb6+ 14.Kh1 Nf2+ 15.Rxf2 Qxf2
16.Be3 Qxb2 17.Bd4 Qa3 18.Bxg7 Rh7 19.Bf6 Be7 20.Bxe7 Qxe7 21.e5 Kd8 22.Ne4 Kc7
23.Nd6 f5 24.Rd1 b6 25.c5 Rb8 26.Qc3  1-0

[Event "TCh-SVK"]
[Site "SVK"]
[Date "2001.03.18"]
[Round "11"]
[White "Dudas,Jan"]
[Black "Mrva,Mart"]
[Result "1-0"]
[WhiteElo "2269"]
[BlackElo "2468"]

1.e4 c5 2.Nf3 e6 3.d4 cxd4 4.Nxd4 a6 5.Bd3 Qb6 6.Nb3 Qc7 7.O-O Nf6 8.c4 b6
9.Nc3 Bb7 10.Qe2 d6 11.f4 Nbd7 12.Bd2 g6 13.Rae1 Bg7 14.e5 dxe5 15.fxe5 Ng8
16.Nd5 Bxd5 17.cxd5 Nxe5 18.dxe6 f6 19.Bxa6 Ke7 20.Bb4+ Kxe6 21.Bc4+ Kd7
22.Bb5+ Ke6 23.Nd4+ Kf7 24.Qxe5 Qxe5 25.Rxe5 f5 26.Bc4+  1-0

[Event "ch-BUL Women"]
[Site "Plovdiv BUL"]
[Date "2001.03.22"]
[Round "3"]
[White "Andreeva,M"]
[Black "Djingarova,E"]
[Result "1/2-1/2"]
[WhiteElo "2218"]
[BlackElo "2235"]

1.e4 c5 2.Nf3 e6 3.d4 cxd4 4.Nxd4 a6 5.Bd3 Nf6 6.O-O Qc7 7.Qe2 d6 8.c4 g6
9.Nc3 Bg7 10.Be3 b6 11.Rad1 Bb7 12.f3 Nbd7 13.b3 O-O 14.Qd2 Rfe8 15.Bb1 Rac8
16.Nde2 Bf8 17.Bf4 Ne5 18.Bg5 Ned7 19.Bf4 Ne5 20.Bg5 Ned7 21.Bf4  1/2-1/2

[Event "TCh-ROM"]
[Site "Sovata ROM"]
[Date "2001.03.22"]
[Round "2"]
[White "Vasiesiu,D"]
[Black "Ionescu,Co"]
[Result "1/2-1/2"]
[WhiteElo "2439"]
[BlackElo "2504"]

1.e4 c5 2.Nf3 e6 3.d4 cxd4 4.Nxd4 a6 5.Bd3 Nf6 6.Nc3 Nc6 7.Be3 Qc7 8.Nxc6 dxc6
9.f4 e5 10.f5 h5 11.h3 b5 12.a4 Bb7 13.Qe2 Nd7 14.O-O Bc5 15.Kh1 h4 16.axb5 axb5
17.Rxa8+ Bxa8 18.Bxc5 Nxc5 19.Qe3 Nd7 20.Qg5 Kf8 21.Ra1 Qb8 22.Ra7 f6 23.Qe3 Ke7
24.Nxb5 cxb5 25.Bxb5 Qxb5 26.Qa3+  1/2-1/2

[Event "Tch-NED"]
[Site "NED"]
[Date "2001.03.24"]
[Round "7"]
[White "Van Delft,M"]
[Black "Blees,A"]
[Result "1/2-1/2"]
[WhiteElo "2340"]
[BlackElo "2392"]

1.e4 c5 2.Nf3 e6 3.d4 cxd4 4.Nxd4 a6 5.Bd3 Bc5 6.Nb3 Ba7 7.Qe2 Nc6 8.Be3 Nge7
9.Nc3 O-O 10.O-O-O b5 11.Bxa7 Rxa7 12.f4 Qb6 13.e5 Bb7 14.Be4 Nb4 15.Rd6 Qc7
16.Bxb7 Rxb7 17.Rhd1 Ned5 18.Nxd5 Nxd5 19.g3 a5 20.Nd4 a4 21.Nf5 Qc4 22.Qxc4 bxc4
23.R1xd5 exd5 24.Ne7+ Kh8 25.Nxd5 Rfb8 26.Nc3 Rxb2 27.Rxd7 f6 28.exf6 gxf6
29.a3 R2b7 30.Rd4 Rc7 31.Rd6 Kg7 32.Nxa4 Ra8 33.Nb6 Rxa3 34.Nd5 Rf7 35.Kd2 h5
36.Ne3 Raa7 37.Nxc4 Rfd7 38.Rxd7+ Rxd7+ 39.Ke2 Kf7 40.Ne3 Ke6 41.h3 Rd4 42.Kf3 Rd2
43.g4 h4 44.Ng2 Rxc2 45.Nxh4 Rc3+ 46.Kg2 Kd5 47.g5 fxg5 48.fxg5 Ke4 49.g6 Kf4
50.g7 Rg3+  1/2-1/2

[Event "Open"]
[Site "Bled SLO"]
[Date "2001.03.25"]
[Round "2"]
[White "Kozamernik,J"]
[Black "Fucak,E"]
[Result "1-0"]
[WhiteElo "2161"]
[BlackElo "2353"]

1.e4 c5 2.Nf3 e6 3.d4 cxd4 4.Nxd4 a6 5.Bd3 Nc6 6.Nxc6 bxc6 7.c4 Bc5 8.Nc3 e5
9.O-O d6 10.Qe2 Nf6 11.Bg5 h6 12.Be3 Nd7 13.Rad1 Bxe3 14.Qxe3 Qg5 15.Qe2 Nc5
16.Bc2 Ke7 17.f4 exf4 18.Qd2 Qe5 19.Rxf4 Rb8 20.b3 Rf8 21.Ne2 g5 22.Rf2 Bg4
23.Nd4 Rbc8 24.Nf5+ Bxf5 25.Rxf5 Qe6 26.e5 Rfd8 27.Qf2 Nb7 28.Rf6 Qxe5 29.Rxf7+ Ke8
30.Rxb7  1-0

[Event "Wotulo Mem"]
[Site "Jakarta INA"]
[Date "2001.03.25"]
[Round "4"]
[White "Zaw Win Lay"]
[Black "Miezis,N"]
[Result "1-0"]
[WhiteElo "2537"]
[BlackElo "2532"]

1.e4 c5 2.Nf3 e6 3.d4 cxd4 4.Nxd4 a6 5.Bd3 Nc6 6.Nxc6 dxc6 7.O-O e5 8.Nd2 Nf6
9.Qf3 Qc7 10.a4 h5 11.Nc4 h4 12.Bd2 Bc5 13.Bc3 Rh5 14.h3 Qe7 15.Rfb1 Rg5
16.Kh1 Ng4 17.Be1 Rg6 18.Qe2 Qf6 19.f3 Nh6 20.Bc3 Rg5 21.f4 Qxf4 22.Rf1 Qg3
23.Rf3 Ng4 24.Rxg3 hxg3 25.Bd2 Rg6 26.Rf1 Nf2+ 27.Rxf2 gxf2 28.Nxe5 Rf6 29.Nf3 Be6
30.Bg5 O-O-O 31.Bh4 Rh8 32.Bxf2 Bxh3 33.gxh3 Bxf2 34.Qxf2 Rxh3+ 35.Kg2 Rfxf3
36.Qxf3 Rxf3 37.Kxf3 Kd7 38.e5 Ke6 39.Ke4 b5 40.axb5 axb5 41.b4 g5 42.Be2 f5+
43.exf6 Kxf6 44.Kd4  1-0

[Event "Wotulo Mem"]
[Site "Jakarta INA"]
[Date "2001.03.27"]
[Round "6"]
[White "Zaw Win Lay"]
[Black "Hulak,K"]
[Result "0-1"]
[WhiteElo "2537"]
[BlackElo "2546"]

1.e4 c5 2.Nf3 e6 3.d4 cxd4 4.Nxd4 a6 5.Bd3 Nf6 6.O-O d6 7.f4 g6 8.Nf3 Bg7
9.Qe1 O-O 10.Kh1 Nbd7 11.Nc3 Nc5 12.Be3 Nxd3 13.cxd3 b5 14.e5 Ng4 15.d4 Bb7
16.Bg1 Rc8 17.Ne4 dxe5 18.dxe5 Rc2 19.Rd1 Qa8 20.Nd6 Rxb2 21.Nxb7 Qxb7 22.Rd2 Rxd2
23.Qxd2 h5 24.Rd1 Rc8 25.h3 Nh6 26.Ng5 Bf8 27.Qd7 Rc7 28.Qe8 Rc2 29.Nf3 Rc8
30.Rd8 Rxd8 31.Qxd8 Qd5 32.Qe8 Kg7 33.Bb6 Qd1+ 34.Kh2 Qc1 35.Bd8 Qxf4+ 36.Kh1 Nf5
37.Bf6+ Kg8 38.Ng5 Ng3+ 39.Kg1 Ne2+  0-1

[Event "Asian Candidates"]
[Site "Tehran IRI"]
[Date "2001.03.27"]
[Round "5"]
[White "Darban,M"]
[Black "Moradiabadi,E"]
[Result "0-1"]
[WhiteElo "2302"]
[BlackElo "2303"]

1.e4 c5 2.Nf3 e6 3.d4 cxd4 4.Nxd4 a6 5.Bd3 Nf6 6.O-O d6 7.c4 g6 8.b3 Bg7
9.Bb2 O-O 10.Qe2 b6 11.f4 Bb7 12.Nd2 Nbd7 13.Rad1 Qc7 14.Bb1 e5 15.fxe5 Nxe5
16.N2f3 Nfg4 17.h3 Nxf3+ 18.gxf3 Nf6 19.Qd2 Rad8 20.Ne2 Nh5 21.Ba3 Rfe8 22.Kg2 d5
23.cxd5 Rxd5 24.Qxd5 Bxd5 25.Rxd5 Nf6 26.Rd2 Qe5 27.Rfd1 Qg5+ 28.Kf2 Bh6
29.Rc2 Qh4+ 30.Kg2 Nh5 31.Bb4 Be3 32.Be1 Qg5+ 33.Kf1 Nf4 34.Nxf4 Qxf4 35.Ke2 Bc5
36.Rd3 Qh2+ 37.Kd1 Qxh3 38.b4 Be7  0-1

[Event "Open"]
[Site "Bled SLO"]
[Date "2001.03.29"]
[Round "6"]
[White "Gombac,Jan"]
[Black "Fucak,E"]
[Result "0-1"]
[WhiteElo "2206"]
[BlackElo "2353"]

1.e4 c5 2.Nf3 e6 3.d4 cxd4 4.Nxd4 a6 5.Bd3 Nf6 6.O-O Qc7 7.c4 Nc6 8.Nxc6 bxc6
9.Nc3 Bb7 10.Be3 c5 11.f4 d6 12.Qf3 Be7 13.f5 e5 14.Bc2 h6 15.Ba4+ Kf8 16.a3 Kg8
17.Nd5 Bxd5 18.exd5 Rb8 19.Rab1 a5 20.Bc6 Nd7 21.Bd2 Bd8 22.Bc3 Qa7 23.Qg3 Nf6
24.Rbe1 a4 25.Bb5 Ba5 26.Kh1 Kh7 27.Qh3 Rhd8 28.g4 Nxd5 29.cxd5 Rxb5 30.g5 Qb7
31.Qg2 c4 32.gxh6 Qxd5 33.Re4 g6 34.fxg6+ fxg6 35.Qf3 Bxc3 36.bxc3 Rb7 37.Rd1 Qc6
38.Kg1 Rdd7 39.Qg4 Rf7 40.Rxc4 Qb6+ 41.Kh1 Qf2 42.Rg1 Qf3+ 43.Qxf3 Rxf3 44.Rxa4 Rb3
45.Rag4 Rf6 46.a4 Rxc3 47.Rh4 d5 48.Rb1 Rc7 49.a5 e4 50.Ra1 Ra6 51.Rh3 Rca7
52.Rha3 Kxh6 53.Kg2 Kg5 54.Rg3+ Kf6 55.Rf1+ Kg7 56.Rd1 Rxa5 57.Rg5 Ra2+ 58.Kg3 R7a3+
59.Kf4 Rf3+ 60.Ke5 e3 61.Rdg1 Rf6 62.Kd4 e2 63.Kd3  0-1

[Event "Wotulo Mem"]
[Site "Jakarta INA"]
[Date "2001.03.29"]
[Round "9"]
[White "Wahono,A"]
[Black "Liu Dede"]
[Result "1/2-1/2"]
[WhiteElo "2401"]
[BlackElo "2378"]

1.e4 c5 2.Nf3 e6 3.d4 cxd4 4.Nxd4 a6 5.Bd3 Qc7 6.O-O g6 7.b3 Bg7 8.Bb2 Qb6
9.c3 Ne7 10.Nd2 Nbc6 11.Nc4 Qc7 12.Nxc6 dxc6 13.e5 O-O 14.Qe2 c5 15.f4 Nf5
16.Be4 Rb8 17.g4 b5 18.Nd2 Ne7 19.c4 Rd8 20.Rac1 b4 21.Rcd1 Nc6 22.Nf3 Bb7
23.h3 a5 24.Qe3 Bf8 25.Kh2 Rxd1 26.Rxd1 Rd8 27.Rxd8 Qxd8 28.Qd3  1/2-1/2

[Event "Wotulo Mem"]
[Site "Jakarta INA"]
[Date "2001.03.31"]
[Round "11"]
[White "Wahono,A"]
[Black "Miezis,N"]
[Result "0-1"]
[WhiteElo "2401"]
[BlackElo "2532"]

1.e4 c5 2.Nf3 e6 3.d4 cxd4 4.Nxd4 a6 5.Bd3 Qc7 6.O-O Nf6 7.Nd2 h5 8.Re1 Ng4
9.Nf1 Bc5 10.Be3 Nxe3 11.fxe3 Nc6 12.c3 Ne5 13.Be2 h4 14.h3 b6 15.Rc1 Bb7
16.b4 Be7 17.Nd2 Rh6 18.a3 Rg6 19.Bf1 Kf8 20.c4 Kg8 21.Rc3 Rf8 22.Qc2 Rg3
23.Ne2 Rg5 24.Nd4 g6 25.Re2 Rg3 26.Rf2 Bg5 27.N2f3 Nxf3+ 28.Nxf3 Bf6 29.Rb3 Be7
30.Nd4 f5 31.exf5 gxf5 32.Ne2 Rg5 33.Nf4 Rf7 34.Rb2 Bf6 35.Ra2 Qe5 36.Qc1 Rg3
37.Rae2 Bg5 38.Re1 Rg7 39.Qd2 Bc6 40.a4 Bb7 41.Kh2 a5 42.bxa5 bxa5 43.Kg1 Bc6
44.Ree2 Qe4 45.Qd4 e5 46.Qb6 Kh7 47.Nh5 Bxe3 48.Qxe3 Rxe3 49.Nf6+ Kg6 50.Nxe4 Rxe4
51.Rxe4 Bxe4 52.Rb2 Bc6 53.Rb6 Kg5 54.Ra6 Kf4 55.Rxa5 Rg3 56.Ra6 Ra3 57.Rb6 e4
58.Rb2 Rxa4  0-1

[Event "7th Open"]
[Site "Werther GER"]
[Date "2001.04.06"]
[Round "1"]
[White "Aldag,T"]
[Black "Meijers,V"]
[Result "0-1"]
[WhiteElo "2089"]
[BlackElo "2483"]

1.e4 c5 2.Nf3 e6 3.d4 cxd4 4.Nxd4 a6 5.Bd3 Qc7 6.O-O Nf6 7.Nc3 b5 8.a3 Nc6
9.Nb3 Bb7 10.f4 b4 11.axb4 Nxb4 12.Be3 d5 13.e5 Nd7 14.Na4 Be7 15.Nd4 g6
16.Be2 O-O 17.c3 Nc6 18.Nb3 Rfc8 19.Qe1 Rcb8 20.Qf2 Bc8 21.Nbc5 Nxc5 22.Bxc5 Bxc5
23.Qxc5 Ra7 24.b4 Bd7 25.Rfb1 g5 26.g3 gxf4 27.gxf4 Kh8 28.Kh1 Qd8 29.Qf2 d4
30.Nc5 dxc3 31.b5 axb5 32.Rxa7 Nxa7 33.Nxd7 Qxd7 34.Rd1 Qc7 35.Bd3 Qb7+ 36.Kg1 Qb6
37.Bc2 Qxf2+ 38.Kxf2 b4 39.Bb3 Nc6 40.Ke3 Na5 41.Rb1 Nxb3 42.Rxb3 Rc8  0-1

[Event "It"]
[Site "Antalya TUR"]
[Date "2001.04.07"]
[Round "9"]
[White "Erdogdu,M"]
[Black "Moroz,A"]
[Result "1/2-1/2"]
[WhiteElo "2304"]
[BlackElo "2525"]

1.e4 c5 2.Nf3 e6 3.d4 cxd4 4.Nxd4 a6 5.Bd3 Qb6 6.Nb3 Qc7 7.Be3 Nf6 8.Nc3 d6
9.O-O Be7 10.f4 Nc6 11.Qf3 O-O 12.Rae1 Re8 13.Kh1 Nb4 14.Qg3 e5 15.fxe5 dxe5
16.Nd4 Kh8 17.Nf5 Bf8 18.Bg5 Ng8 19.Nd5 Nxd5 20.exd5 Bxf5 21.Rxf5 f6 22.Qh3 Qd7
23.Bd2 g6 24.Rfxe5 Qxh3 25.Rxe8 Qh4 26.Rxa8 Bd6 27.h3 Qg3 28.Kg1 Bc5+ 29.Kh1 Bd6
30.Kg1 Bc5+ 31.Kh1  1/2-1/2

[Event "FSGM April"]
[Site "Budapest HUN"]
[Date "2001.04.07"]
[Round "13"]
[White "Kritz,L"]
[Black "Narciso Dublan,M"]
[Result "0-1"]
[WhiteElo "2427"]
[BlackElo "2544"]

1.e4 c5 2.Nf3 e6 3.d4 cxd4 4.Nxd4 a6 5.Bd3 Bc5 6.Nb3 Ba7 7.c4 Nc6 8.O-O Nge7
9.Qe2 O-O 10.Nc3 d6 11.Be3 e5 12.Bxa7 Rxa7 13.Rfd1 b6 14.Rd2 Ng6 15.Qe3 Nf4
16.Bf1 Ne6 17.Rad1 Ned4 18.Ne2 Nxe2+ 19.Bxe2 Qc7 20.Rxd6 Be6 21.R6d2 h6 22.c5 b5
23.h3 Bxb3 24.Qxb3 Nd4 25.Qc3 Qc6 26.Rxd4 exd4 27.Qxd4 Re8 28.Bf3 a5 29.a3 a4
30.e5 Qc7 31.Be4 g5 32.Re1 Qd8 33.Qc3 Rd7 34.Qf3 Rd2 35.Qf5 Kf8 36.Bf3 Qd4
37.Bh5 Qf4 38.Qxf4 gxf4 39.Rc1 Rc8 40.c6 Rc7 41.Bf3 Rxb2 42.Rd1 Ke7 43.Rd4 Ke6
44.Rxf4 Kxe5 45.Rh4 Rb3 46.Rxh6 Rxa3 47.Rh5+ f5 48.Bg4 Rb3 49.Rxf5+ Kd6 50.Be2 a3  0-1

[Event "32nd Open"]
[Site "Mar del Plata ARG"]
[Date "2001.04.07"]
[Round "1"]
[White "Bonifazi,M"]
[Black "Giardelli,S"]
[Result "0-1"]
[WhiteElo "2052"]
[BlackElo "2438"]

1.e4 c5 2.Nf3 e6 3.d4 cxd4 4.Nxd4 a6 5.Bd3 g6 6.O-O Bg7 7.Be3 d6 8.Nc3 Nf6
9.Qe2 O-O 10.Rad1 Qc7 11.Kh1 b5 12.a4 b4 13.Na2 Bb7 14.Nxb4 Nxe4 15.c4 Nd7
16.Ra1 Nec5 17.Bc2 Rab8 18.Nd3 Ba8 19.f3 e5 20.Nxc5 Nxc5 21.Nb5 axb5 22.cxb5 d5
23.b4 Ne6 24.Rac1 d4 25.Bb3 Qd7 26.Bd2 Rfd8 27.Qd3 h5 28.Rfe1 Kh7 29.b6 Rxb6
30.a5 Rbb8  0-1

[Event "7th Open"]
[Site "Werther GER"]
[Date "2001.04.08"]
[Round "4"]
[White "Siebrecht,S"]
[Black "Epishin,V"]
[Result "0-1"]
[WhiteElo "2386"]
[BlackElo "2578"]

1.e4 c5 2.Nf3 e6 3.d4 cxd4 4.Nxd4 a6 5.Bd3 Bc5 6.c3 d6 7.O-O Nf6 8.Kh1 e5
9.Nf5 Bxf5 10.exf5 d5 11.Nd2 O-O 12.c4 Nc6 13.cxd5 Qxd5 14.Qb3 Rad8 15.Qxd5 Rxd5
16.Bc4 Rd6 17.Nb3 Bb6 18.Be3 Nd4 19.Nxd4 Bxd4 20.Bg5 Rc8 21.Rac1 Rdc6 22.Bb3 Ng4
23.Rxc6 Rxc6 24.Bh4 Bxf2 25.Bxf2 Nxf2+ 26.Kg1 Ng4 27.Rd1 Kf8 28.h3 Nf6 29.Rd8+ Ke7
30.Rb8 Rc7 31.g4 h5 32.g5 Ne4 33.h4 Nd6 34.Rh8 Nxf5 35.Rxh5 Rc1+ 36.Kf2 e4
37.Rh8 e3+ 38.Kf3 Rf1+ 39.Ke2 Rf2+ 40.Ke1 Nd4  0-1

[Event "FSGM April"]
[Site "Budapest HUN"]
[Date "2001.04.09"]
[Round "3"]
[White "Kritz,L"]
[Black "Cao,S"]
[Result "0-1"]
[WhiteElo "2427"]
[BlackElo "2488"]

1.e4 c5 2.Nf3 e6 3.d4 cxd4 4.Nxd4 a6 5.Bd3 Qc7 6.O-O Nf6 7.Qe2 d6 8.c4 Be7
9.Nc3 Nbd7 10.Be3 b6 11.Rac1 Bb7 12.f3 O-O 13.Rfd1 Rac8 14.a3 Qb8 15.b4 Rfe8
16.f4 Bf8 17.Nb3 Qa8 18.Bf2 d5 19.cxd5 exd5 20.e5 g6 21.Qd2 Ng4 22.Bd4 Bh6
23.Qe2 Ngf6 24.Qf3 Ne4 25.Ne2 Bg7 26.Qh3 Bc6 27.Bb2 Ba4 28.Ned4 Ndc5 29.bxc5 bxc5
30.Bxe4 dxe4 31.Rc4 cxd4 32.Rxa4 d3 33.Nd2 Rc2 34.Nxe4 Rxb2 35.Qxd3 a5 36.Rd2 Qa7+
37.Qd4 Rb1+ 38.Kf2 Qa6 39.Rc4 h6 40.Nc5 Qb6 41.a4 Qb8 42.Qd6 Qa7 43.Qd7 Qb8
44.Rcd4 Rf8 45.Qd5 Qa7 46.Ne4 Rfb8 47.Qc5 Qa6 48.Qc4 Qa7 49.Kg3 R8b4 50.Qc8+ Kh7
51.Qd8 g5 52.Nf6+ Bxf6 53.exf6 gxf4+ 54.Kg4 Qc5 55.Rd5 f3+ 56.Kg3 Qe3 57.R5d3 fxg2+
58.Rxe3 g1=Q+ 59.Kf3 Qf1+  0-1

[Event "Open"]
[Site "Metz FRA"]
[Date "2001.04.09"]
[Round "3"]
[White "Zigura,O"]
[Black "Eingorn,V"]
[Result "0-1"]
[WhiteElo "2392"]
[BlackElo "2589"]

1.e4 c5 2.Nf3 e6 3.d4 cxd4 4.Nxd4 a6 5.Bd3 g6 6.c4 Bg7 7.Ne2 Nf6 8.Nbc3 O-O
9.O-O d6 10.h3 Nbd7 11.Be3 b6 12.Rc1 Bb7 13.Bb1 Qc7 14.Qd2 Rfc8 15.Rfd1 Ne8
16.b3 Rab8 17.Bd4 Bxd4 18.Nxd4 Qd8 19.Nc2 Qf6 20.Ne3 Rc7 21.Ng4 Qg7 22.Qf4 Rbc8
23.Nh6+ Kf8 24.Rxd6 Nxd6 25.Qxd6+ Ke8 26.Ng4 h5 27.Nd5 Bxd5 28.exd5 hxg4
29.dxe6 Nc5 30.exf7+ Kxf7 31.Re1 Qf6 32.Qd5+ Kg7 33.hxg4 Rd7 34.g5  0-1

[Event "Zone 3.1a"]
[Site "Tehran IRI"]
[Date "2001.04.09"]
[Round "8"]
[White "Al Sayed,Mohammed"]
[Black "Moradiabadi,E"]
[Result "0-1"]
[WhiteElo "2082"]
[BlackElo "2303"]

1.e4 c5 2.Nf3 e6 3.d4 cxd4 4.Nxd4 a6 5.Bd3 Nf6 6.O-O d6 7.c4 g6 8.Nc3 Bg7
9.Be3 O-O 10.Be2 Nbd7 11.Qd2 d5 12.cxd5 exd5 13.exd5 Nb6 14.Bg5 Nbxd5 15.Bf3 Nxc3
16.bxc3 Qc7 17.Rab1 Ng4 18.g3 h6 19.Bf4 Ne5 20.Bg2 Rd8 21.Rfd1 g5 22.Nb5 Rxd2
23.Nxc7 Rxd1+ 24.Rxd1 Bg4 25.Nxa8 Bxd1 26.Bxe5 Bxe5 27.Bxb7 Bxc3 28.Bxa6 Ba5
29.Bb7 Kg7 30.Kg2 Kf6 31.h3 Ke5 32.f3 f5 33.Kf2 f4 34.h4 Kd6 35.hxg5 hxg5
36.gxf4 gxf4 37.Kg2 Ba4 38.Be4 Bc6 39.a3 Bxe4 40.fxe4 Ke5 41.Kf2 Bd8  0-1

[Event "FSGM April"]
[Site "Budapest HUN"]
[Date "2001.04.10"]
[Round "4"]
[White "Anka,E"]
[Black "Kritz,L"]
[Result "0-1"]
[WhiteElo "2425"]
[BlackElo "2427"]

1.e4 c5 2.Nf3 e6 3.d4 cxd4 4.Nxd4 a6 5.Bd3 Qb6 6.Nb3 Qc7 7.f4 Nf6 8.e5 Nd5
9.Be4 Nb6 10.O-O d5 11.Bd3 Nc6 12.N1d2 Be7 13.c3 Bd7 14.a4 Na7 15.Nd4 Nc4
16.Bxc4 dxc4 17.Qe2 Rc8 18.f5 exf5 19.Nxf5 Bxf5 20.Rxf5 O-O 21.Nf3 Nc6 22.Rh5 Rfe8
23.Bf4 g6 24.Rh3 b5 25.axb5 axb5 26.Kh1 Rcd8 27.Ng5 Bxg5 28.Bxg5 Ra8 29.Rg1 Rxe5
30.Qg4 f5 31.Qg3 Qd7 32.Qf2 Rae8 33.Qb6 Na7 34.Rf3 Nc8 35.Qa6 R5e6 36.Qa1 Nd6
37.Qc1 Ne4 38.Be3 Nf6 39.Bd4 Ng4 40.h3 Ne5 41.Re3 Nd3 42.Rxd3 cxd3 43.Qd2 Re2
44.Qxd3 Rxb2 45.Qg3 Rbe2 46.Ra1 R2e7 47.Ra6 Re6 48.Ra7 Qd6 49.Rg7+ Kf8 50.Qxd6+ Rxd6
51.Rxh7 Re7 52.Rh8+ Kf7 53.Rb8 Rd5 54.Rb6 g5 55.Kg1 Re2 56.Kh2 f4 57.h4 gxh4
58.Rf6+ Ke8 59.Rxf4 Rg5 60.Rf2 Rxf2 61.Bxf2 Rg4 62.Kh3 Rc4 63.Be1 Kd7 64.g4 hxg3
65.Kxg3 Re4 66.Bf2 Kc6 67.Kf3 Kd5 68.Bb6 Re6 69.Ba5 Kc4 70.Bb4 Re1 71.Kf2 Rc1
72.Ke2 Rxc3  0-1

[Event "Osteropen"]
[Site "Essen-Borbeck GER"]
[Date "2001.04.14"]
[Round "5"]
[White "Brustman,A"]
[Black "Koenig,C"]
[Result "1/2-1/2"]
[WhiteElo "2347"]
[BlackElo "2168"]

1.e4 c5 2.Nf3 e6 3.d4 cxd4 4.Nxd4 a6 5.Bd3 Nf6 6.c4 d6 7.Nc3 b6 8.O-O Bb7
9.Qe2 Nbd7 10.f4 Qc7 11.f5 e5 12.Nf3 Be7 13.Bd2 g6 14.fxg6 hxg6 15.Rac1 Kf8
16.Ng5 Kg7 17.Nd5 Bxd5 18.exd5 Raf8 19.Qf3 Qc8 20.Rf2 Nc5 21.Be2 Rh4 22.g3 Rd4
23.Be3 Nd3 24.Bxd4 Nxc1 25.Be3 Nxe2+ 26.Qxe2 b5 27.b3 bxc4 28.bxc4 Ng4 29.Ne6+ fxe6
30.Rxf8 Qxf8 31.Qxg4 Qf5 32.Qxf5 exf5 33.h4 Kf7  1/2-1/2

[Event "Israel Open Ch"]
[Site "Tel Aviv ISR"]
[Date "2001.04.14"]
[Round "6"]
[White "Medvegy,N"]
[Black "Gruenfeld,Y"]
[Result "1/2-1/2"]
[WhiteElo "2346"]
[BlackElo "2520"]

1.e4 c5 2.Nf3 e6 3.d4 cxd4 4.Nxd4 a6 5.Bd3 Qc7 6.Qe2 d6 7.O-O Nf6 8.c4 g6
9.Nc3 Bg7 10.Be3 O-O 11.Rfd1 b6 12.Rac1 Bb7 13.f3 Nbd7 14.Qd2 Rfe8 15.Bf1 Rad8
16.Qf2 Rb8 17.Kh1 Ba8 18.Nb3 Ne5 19.Qd2 Bf8 20.Nd4 Nfd7 21.Bh6 Bxh6 22.Qxh6 Rbd8
23.Qh4 Nf8 24.Qf2 Qb8 25.Nb3 Nfd7 26.Rd4 Nc5 27.Na1 Nc6 28.Rd2 Na7 29.Rcd1 Nc8
30.Nc2 Qc7 31.Ne3 Qe7 32.g3 h5 33.Bg2 Qf6 34.f4 Bc6 35.Kg1 Qe7 36.Nc2 Qc7
37.Nd4 Bb7 38.Nc2 Nd7 39.Ne3 Qc5 40.e5 Bxg2 41.Kxg2 dxe5 42.Rxd7 Rxd7 43.Rxd7 Qc6+
44.Ned5 exd5 45.Nxd5 Qxc4 46.fxe5 Rf8 47.Nf6+ Kg7 48.Qf4 Qe6 49.Qg5 Rh8 50.Rd8 Rxd8
51.Nxh5+ Kh7 52.Nf6+ Kg7 53.Nh5+  1/2-1/2